Normal view
MARC view
Entry Personal Name
001 - CONTROL NUMBER
- control field: 1407
003 - CONTROL NUMBER IDENTIFIER
- control field: csc
005 - DATE AND TIME OF LATEST TRANSACTION
- control field: 20140507162056.0
008 - FIXED-LENGTH DATA ELEMENTS
- fixed length control field: 130522|| aca||aabn | a|a d
040 ## - CATALOGING SOURCE
- Original cataloging agency: csc
- Transcribing agency: csc
100 ## - HEADING--PERSONAL NAME
- Personal name: Hamel, Debra.
670 ## - SOURCE DATA FOUND
- Source citation: Work cat.: (csc)0: Hamel, Debra., Trying Neaira :, c2003.